Match the European Countries with their Capital and Flag (Click Quiz) - Statistics

General Stats
  • This quiz has been taken 51 times
    10 since last reset
  • The average score is 75 of 90
Answer Stats
Hint Answer % Correct
Capital of Germany Berlin
100%
Capital of Switzerland Bern
100%
Flag of Switzerland
100%
Capital of the Netherlands Amsterdam
86%
Capital of Andorra Andorra la Vella
86%
Capital of Greece Athens
86%
Capital of Serbia Belgrade
86%
Capital of Belgium Brussels
86%
Capital of Hungary Budapest
86%
Capital of Moldova Chișinău
86%
Capital of Denmark Copenhagen
86%
Capital of Ireland Dublin
86%
Capital of Finland Helsinki
86%
Flag of Austria
86%
Flag of Bosnia and Herzegovina
86%
Flag of Belgium
86%
Flag of Bulgaria
86%
Flag of Belarus
86%
Flag of the Czech Republic
86%
Flag of Denmark
86%
Flag of Estonia
86%
Flag of Spain
86%
Flag of Finland
86%
Flag of France
86%
Flag of the United Kingdom
86%
Flag of Greece
86%
Flag of Croatia
86%
Flag of Hungary
86%
Flag of Ireland
86%
Flag of Iceland
86%
Flag of Italy
86%
Flag of Liechtenstein
86%
Flag of Lithuania
86%
Flag of Luxembourg
86%
Flag of Latvia
86%
Flag of Monaco
86%
Flag of Moldova
86%
Flag of Montenegro
86%
Flag of North Macedonia
86%
Flag of Malta
86%
Flag of the Netherlands
86%
Flag of Norway
86%
Flag of Poland
86%
Flag of Portugal
86%
Flag of Serbia
86%
Flag of Russia
86%
Flag of Sweden
86%
Flag of Slovakia
86%
Flag of San Marino
86%
Flag of Ukraine
86%
Flag of Vatican City
86%
Flag of Kosovo
86%
Capital of Portugal Lisbon
86%
Capital of Slovenia Ljubljana
86%
Capital of the United Kingdom London
86%
Capital of Luxembourg Luxembourg
86%
Capital of Spain Madrid
86%
Capital of Monaco Monaco
86%
Capital of Russia Moscow
86%
Capital of France Paris
86%
Capital of the Czech Republic Prague
86%
Capital of Kosovo Pristina
86%
Capital of Iceland Reykjavík
86%
Capital of Latvia Riga
86%
Capital of Italy Rome
86%
Capital of San Marino San Marino
86%
Capital of Bulgaria Sofia
86%
Capital of Sweden Stockholm
86%
Capital of Estonia Tallinn
86%
Capital of Albania Tirana
86%
Capital of Liechtenstein Vaduz
86%
Capital of Malta Valletta
86%
Capital of Vatican City Vatican City
86%
Capital of Austria Vienna
86%
Capital of Lithuania Vilnius
86%
Capital of Poland Warsaw
86%
Capital of Croatia Zagreb
86%
Capital of Romania Bucharest
71%
Flag of Albania
71%
Flag of Germany
71%
Flag of Romania
71%
Flag of Slovenia
71%
Capital of Ukraine Kyiv
71%
Capital of Belarus Minsk
71%
Capital of Norway Oslo
71%
Capital of Montenegro Podgorica
71%
Capital of Bosnia and Herzegovina Sarajevo
71%
Capital of North Macedonia Skopje
71%
Capital of Slovakia Bratislava
57%
Flag of Andorra
57%
No matching quizzes found
Score Distribution
Percent of People with Each Score
Percentile by Number Answered
Your Score History
You have not taken this quiz since the last reset